| 000 | 00680nab a2200193 4500 | ||
|---|---|---|---|
| 001 | 244442 | ||
| 003 | OSt | ||
| 005 | 20250130083555.0 | ||
| 007 | tu | ||
| 008 | 200917s2020||||||| | ||
| 040 |
_aDE-2950 _cDE-2950 |
||
| 245 | 0 | 0 |
_aDas deutsche Erbe jenseits der Oder _bGeschichte. Zum Ende des Zweiten Weltkrieges wurde aus der Dammvorstadt von Frankfurt das polnische Slubice. Unterwegs mit Roland Semik, der versucht, die Wurzeln der Stadt zu bewahren/ _cMarlena Dumin |
| 264 | _c2024 | ||
| 653 | _aFrankfurt (Oder) | ||
| 653 | _aSlubice | ||
| 653 | _aRoland Semik | ||
| 773 | 0 |
_g36. Jahrgang (2025) Nr. 17 vom 21.01.2025, S. 15 mit Foto _tMärkische Oderzeitung |
|
| 942 |
_2z _cA |
||
| 999 |
_c373586 _d373586 |
||